| 000 | 005580000a22002050004500 | ||
|---|---|---|---|
| 090 |
_aAR _b02737 |
||
| 245 | 1 | 0 | _aSclerotiniaceae XIV. Asterocalyx |
| 650 | 1 | 4 |
_aMicología _97797 |
| 650 | 1 | 4 |
_aFilogenética _94310 |
| 650 | 1 | 4 |
_aTaxonomía vegetal _992262 |
| 650 | 1 | 4 |
_aMorfología vegetal _918295 |
| 650 | 1 | 4 |
_aNuevas especies _992905 |
| 651 | 4 |
_pEcuador _992749 |
|
| 653 | _gAsterocalyx | ||
| 041 | 0 | _aInglés | |
| 700 | 1 |
_aCarpenter, S. E. _996191 |
|
| 100 | 1 |
_aDumont, Kent P. _996188 |
|
| 942 | _cARTICULO | ||
| 773 | 1 |
_tMycologia _3678 _q68-75 _d1978 _g70 |
|
| 999 |
_c11798 _d11798 |
||